Az "átmeneti" társadalom a nyolcvanas évek végén

Elmentve itt :
Bibliográfiai részletek
Szerző: Ágh Attila
Testületi szerző: TIT Szegedi Művelődéselméleti Nyári Egyetem (17.) (1988) (Szeged)
Dokumentumtípus: Könyv része
Megjelent: 1988
Sorozat:Szegedi Nyári Egyetem : művelődéselmélet 17
Egyén - közösség : gyűjtemény a TIT Szegedi XVII. Művelődéselméleti Nyári Egyetemének előadásaiból 17
Kulcsszavak:Társadalomirányítás - szocialista - 1980-as évek, Társadalom fejlődése - Magyarország - 1980-as évek, Politikai szociológia - 1980-as évek
Tárgyszavak:
Online Access:http://acta.bibl.u-szeged.hu/45035
LEADER 01087naa a2200241 i 4500
001 acta45035
005 20220127134024.0
008 170318s1988 hu o 0|| hun d
020 |a 963 01 9733 2 
022 |a 0139-4118 
040 |a SZTE Egyetemi Kiadványok Repozitórium  |b hun 
041 |a hun 
100 1 |a Ágh Attila 
245 1 3 |a Az "átmeneti" társadalom a nyolcvanas évek végén  |h [elektronikus dokumentum] /  |c  Ágh Attila 
260 |c 1988 
300 |a 17-35 
490 0 |a Szegedi Nyári Egyetem : művelődéselmélet  |v 17 
490 0 |a Egyén - közösség : gyűjtemény a TIT Szegedi XVII. Művelődéselméleti Nyári Egyetemének előadásaiból  |v 17 
650 4 |a Társadalomtudományok 
650 4 |a Szociológia 
695 |a Társadalomirányítás - szocialista - 1980-as évek, Társadalom fejlődése - Magyarország - 1980-as évek, Politikai szociológia - 1980-as évek 
710 |a TIT Szegedi Művelődéselméleti Nyári Egyetem (17.) (1988) (Szeged) 
856 4 0 |u http://acta.bibl.u-szeged.hu/45035/1/sznye_muveledoselmelet_017_017-035.pdf  |z Dokumentum-elérés